ENCYCLOPAEDIA OF TOURISM PLANNING AND HO (Record no. 22457)
[ view plain ]
| 000 -LEADER | |
|---|---|
| fixed length control field | 00373nam a2200145Ia 4500 |
| 008 - FIXED-LENGTH DATA ELEMENTS--GENERAL INFORMATION | |
| fixed length control field | 240624s9999 xx 000 0 und d |
| 041 ## - LANGUAGE CODE | |
| Language code of text/sound track or separate title | eng |
| 082 ## - DEWEY DECIMAL CLASSIFICATION NUMBER | |
| Classification number | 338.791 TAI |
| 100 ## - MAIN ENTRY--PERSONAL NAME | |
| Personal name | TAING VINEET |
| 245 ## - TITLE STATEMENT | |
| Title | ENCYCLOPAEDIA OF TOURISM PLANNING AND HO |
| 260 ## - PUBLICATION, DISTRIBUTION, ETC. | |
| Date of publication, distribution, etc. | 2014 |
| Place of publication, distribution, etc. | Bengaluru |
| Name of publisher, distributor, etc. | Centrum Press |
| 300 ## - PHYSICAL DESCRIPTION | |
| Extent | xvi, : 296 : p. : cm. ; 23 |
| 365 ## - TRADE PRICE | |
| Currency code | RS |
| Price amount | 25 |
| 440 ## - SERIES STATEMENT/ADDED ENTRY--TITLE | |
| Volume/sequential designation | 1 |
| Withdrawn status | Lost status | Damaged status | Not for loan | Home library | Current library | Shelving location | Date acquired | Source of acquisition | Cost, normal purchase price | Full call number | Barcode | Date last seen | Copy number | Price effective from | Koha item type |
|---|---|---|---|---|---|---|---|---|---|---|---|---|---|---|---|
| IMTN | IMTN | Rack 13-A | 03/24/2014 | WBD | 6000.00 | 338.791 TAI | 22457 | 06/24/2024 | 1 | 06/24/2024 | Books |